000 00665nam a22002057a 4500
003 OSt
005 20170807161202.0
008 130508b xxu||||| |||| 00| 0 eng d
040 _cBMC
082 _a920 Ramón y Cajal, Santiago
082 _a920 Bernard, Claude
100 _9449
_aLaín Entralgo, Pedro
_d1908-2001
245 _aDos biólogos : Claudio Bernard y Ramón y Cajal
_cPedro Lain Entralgo
260 _aBuenos Aires
_bEspasa- Calpe Argentina
_c1949
300 _a143 p.
_b18 cm
490 _aAustral
_v911
600 _9489
_aBernard, Claude
_d1813-1878
_xBiografías
600 _9392
_aRamón y Cajal, Santiago
_d1852-1934
_xBiografias
942 _2ddc
_cBK
999 _c401
_d401